Pronunciamiento sobre litisconsortes facultativos exime que el juez se pronuncie sobre el demandado original (Registro nro. 22589)

000 -Cabecera
Campo de control interno 01664nam a2200229 4500
001 - Número de control
control field ESSALUD
005 - Fecha y hora de la última transacción
Campo de control 20260630195343.0
007 - Tipo material - Descripcion fisica - info general
Tipo material - Descripcion fisica - info general ta
008 - Elementos de Longitud Fija - Información General
Elementos de Longitud Fija - Información t pe ||||| |||| 00| 0 spa d
040 ## - Origen de la Catalogación
Origen de la Catalogación BMG
041 ## - Idioma
Idioma spa
100 ## - Autor
Autor Corte Suprema. Sala Civil Transitoria
Rol del Autor Autor
9 (RLIN) 53014
245 ## - Titulo
Titulo Pronunciamiento sobre litisconsortes facultativos exime que el juez se pronuncie sobre el demandado original
300 ## - Páginas
Paginación páginas 214-217
520 ## - Resumen
Resumen Con relación a la infracción descrita precedentemente respecto al cuestionamiento sobre la falta de pronunciamiento sobre la posesión de uno de los demandados, la Sala Superior, realizando una valoración conjunta de los medios probatorios, en los considerandos 11 y 12 de la sentencia de vista determina que estos litisconsortes en calidad de comprad ores celebraron el contrato de promesa de compraventa con la recurrente y, por el cual, se encontrarían en la posesión del inmueble. Por tanto, se advierte que la Sala Superior ha determinado que los litisconsortes tienen un título habilitante consecuencia, no existe posesión precaria, no cumpliéndose con el requisito de acreditar posesión precaria a fin de que se estime la demanda, por tanto, resultó innecesario emitir pronunciamiento sobre la situación jurídica del referido demandado.
650 ## - Temas - Descriptores
Temas - Descriptores RESPRESENTACIÓN PROCESAL
9 (RLIN) 53015
650 ## - Temas - Descriptores
Temas - Descriptores SUJETOS PROCESALES
9 (RLIN) 52978
650 ## - Temas - Descriptores
Temas - Descriptores LITISCONSORCIO
9 (RLIN) 52980
650 ## - Temas - Descriptores
Temas - Descriptores NEGOCIOS Y ECONOMÍA
9 (RLIN) 53016
773 0# - Revista (Relacion con el numero)
Host Biblionumber 22573
Host Itemnumber 22620
Ciudad, Editorial Lima Grupo Praxis Formación Profesional, 2026-
Codigo barras item/ejemplar PRA001
Titulo de la Revista Praxis Civil & Procesal Civil
Número de control de registro ESSALUD
ISSN 3119-7671
942 ## - Elementos de Koha
Tipo de Documento Artículos
Fecha procesamiento 2026-06-30
Catalogador sqb

No hay ítems disponibles.